[Event "AUT-ch Seniors"]
[Site "Wirt im Feld"]
[Date "2015.09.19"]
[Round "7"]
[White "Braeuer, Konrad"]
[Black "Stadler, Peter"]
[Result "1/2-1/2"]
[WhiteElo "1778"]
[BlackElo "2135"]
[PlyCount "53"]
[EventDate "2015.09.13"]
[EventType "swiss"]
[EventRounds "7"]
[EventCountry "AUT"]
[SourceTitle "EXT 2016"]
[Source "ChessBase"]
[SourceDate "2015.10.08"]
[SourceVersion "1"]
[SourceVersionDate "2015.10.08"]
[SourceQuality "1"]

1. Nf3 g6 2. c4 Nf6 3. Nc3 Bg7 4. g3 0-0 5. Bg2 d6 6. 0-0 e5 7. d3 h6 8. Bd2 c6 9. b4 a6 10. Rb1 Be6 11. e4 Nbd7 12. a4 d5 13. c5 d4 14. Ne2 Kh7 15. Nc1 Ng8 16. Nb3 f5 17. Na5 Qc7 18. Nh4 f4 19. Nc4 Bf6 20. Nf3 g5 21. g4 Bxg4 22. Nxg5+ Bxg5 23. Qxg4 Rae8 24. Qe2 Be7 25. f3 Kh8 26. Kh1 Ngf6 27. Rg1 1/2-1/2

[Event "AUT-ch Seniors"]
[Site "Wirt im Feld"]
[Date "2015.09.14"]
[Round "2"]
[White "Braeuer, Konrad"]
[Black "Sepetavc, Walter"]
[Result "1/2-1/2"]
[WhiteElo "1778"]
[BlackElo "1960"]
[PlyCount "92"]
[EventDate "2015.09.13"]
[EventType "swiss"]
[EventRounds "7"]
[EventCountry "AUT"]
[SourceTitle "EXT 2016"]
[Source "ChessBase"]
[SourceDate "2015.10.08"]
[SourceVersion "1"]
[SourceVersionDate "2015.10.08"]
[SourceQuality "1"]

1. Nf3 c5 2. c4 Nc6 3. Nc3 d6 4. g3 e6 5. Bg2 Be7 6. d4 cxd4 7. Nxd4 Nxd4 8. Qxd4 Nf6 9. 0-0 0-0 10. a4 a6 11. a5 Qc7 12. Be3 Nd7 13. Ne4 f5 14. Ng5 Nc5 15. Qd1 h6 16. Nh3 Bf6 17. Ra2 Bd7 18. Nf4 Rae8 19. Qc2 Bc6 20. f3 g5 21. Nh5 Bh8 22. h4 Qf7 23. g4 f4 24. Bf2 Nd7 25. Rd1 Be5 26. hxg5 hxg5 27. Bd4 Bxd4+ 28. Rxd4 d5 29. Ra1 Ne5 30. cxd5 Bxd5 31. Rc1 Nc6 32. Rd2 Nxa5 33. Kf2 Nc4 34. Rd3 Rc8 35. b3 Nd6 36. Rc3 Rxc3 37. Qxc3 Rc8 38. Qb2 Rxc1 39. Qxc1 Bc6 40. Qc3 Ne8 41. e3 fxe3+ 42. Qxe3 Qe7 43. Qe5 Bd5 44. Qc3 b6 45. Qd3 Ng7 46. Qg6 Bxb3 1/2-1/2

[Event "AUT-chT2M 0001"]
[Site "Austria"]
[Date "2000.10.28"]
[Round "2.6"]
[White "Braeuer, Konrad"]
[Black "Aigner, Gerhard"]
[Result "1/2-1/2"]
[WhiteElo "1872"]
[BlackElo "1891"]
[PlyCount "105"]
[EventDate "2000.??.??"]
[EventType "team-tourn"]
[EventRounds "9"]
[EventCountry "AUT"]
[SourceTitle "EXT 2003"]
[Source "ChessBase"]
[SourceDate "2002.11.25"]
[SourceVersion "1"]
[SourceVersionDate "2002.11.25"]
[SourceQuality "1"]

1. Nf3 d5 2. d4 e6 3. c4 Nf6 4. Nc3 Be7 5. e3 0-0 6. Be2 c6 7. 0-0 Nbd7 8. h3 b6 9. a3 Bb7 10. cxd5 exd5 11. b4 Bd6 12. Bd3 Re8 13. Qc2 Qe7 14. Bb2 Ne4 15. Rad1 a5 16. b5 c5 17. dxc5 Ndxc5 18. Bxe4 dxe4 19. Ne1 Rad8 20. Ne2 Qg5 21. Bd4 h5 22. f4 exf3 23. Nxf3 Qe7 24. Qf5 g6 25. Qg5 Qxg5 26. Nxg5 Bd5 27. Bf6 Be7 28. Bxe7 Rxe7 29. Nc3 Red7 30. Nxd5 Rxd5 31. Rxd5 Rxd5 32. Nxf7 Na4 33. h4 Rxb5 34. e4 Nc3 35. e5 Rb1 36. e6 Ne2+ 37. Kf2 Rxf1+ 38. Kxf1 Nd4 39. Ne5 Nxe6 40. Nxg6 b5 41. Ne5 Nd4 42. g4 hxg4 43. Nxg4 Nc2 44. Ke2 Nxa3 45. Kd3 Nc4 46. Nf6+ Kf7 47. Nd5 Kg6 48. Kc3 Kh5 49. Nc7 Nd6 50. Kb3 b4 51. Nd5 Kxh4 52. Nxb4 axb4 53. Kxb4 1/2-1/2